000 00171 a2200097 4500
020 _a639277078896
041 _aeng
100 _aanonimo
245 _aBaby bear
942 _cBK
999 _c7957
_d7957